MARC details
| 000 -CABECERA |
| campo de control de longitud fija |
01656nam a2200361 i 4500 |
| 001 - NÚMERO DE CONTROL |
| campo de control |
000047870 |
| 003 - IDENTIFICADOR DEL NÚMERO DE CONTROL |
| campo de control |
DO-SdBNP |
| 005 - FECHA Y HORA DE LA ÚLTIMA TRANSACCIÓN |
| campo de control |
20251021101012.0 |
| 007 - CAMPO FIJO DE DESCRIPCIÓN FÍSICA--INFORMACIÓN GENERAL |
| campo de control de longitud fija |
ta |
| 008 - DATOS DE LONGITUD FIJA--INFORMACIÓN GENERAL |
| campo de control de longitud fija |
091202s2017 dr r 000 0 spa d |
| 020 ## - NÚMERO INTERNACIONAL ESTÁNDAR DEL LIBRO |
| Número Internacional Estándar del Libro |
9789945443783 |
| 040 ## - FUENTE DE LA CATALOGACIÓN |
| Centro catalogador/agencia de origen |
DO-SdBNP |
| Lengua de catalogación |
spa |
| Centro/agencia transcriptor |
BNPHU |
| Normas de descripción |
rda |
| 041 ## - CÓDIGO DE LENGUA |
| Código de lengua del texto/banda sonora o título independiente |
spa |
| 082 #4 - NÚMERO DE LA CLASIFICACIÓN DECIMAL DEWEY |
| Número de clasificación |
RD862.09 |
| Número de documento/Ítem |
A634t |
| Número de edición |
22 |
| 245 00 - MENCIÓN DE TÍTULO |
| Título |
Antología de teatro clásicos en la literatura dramática dominicana : |
| Resto del título |
(siglos XVI-XXI) / |
| Mención de responsabilidad, etc. |
edición y estudio preliminar, Bienvenida Polanco Díaz. |
| 264 #4 - PRODUCCIÓN, PUBLICACIÓN, DISTRIBUCIÓN, FABRICACIÓN Y COPYRIGHT |
| Producción, publicación, distribución, fabricación y copyright |
Santo Domingo, República Dominicana : |
| Nombre del de productor, editor, distribuidor, fabricante |
Refinería Dominicana de Petróleo, |
| Fecha de producción, publicación, distribución, fabricación o copyright |
©2017. |
| 300 ## - DESCRIPCIÓN FÍSICA |
| Extensión |
775 páginas ; |
| Dimensiones |
25 cm. |
| 336 ## - TIPO DE CONTENIDO |
| Término de tipo de contenido |
texto |
| Código de tipo de contenido |
txt |
| Fuente |
rdacontent |
| 337 ## - TIPO DE MEDIO |
| Nombre/término del tipo de medio |
sin mediación |
| Código del tipo de medio |
n |
| Fuente |
rdamedia |
| 338 ## - TIPO DE SOPORTE |
| Nombre/término del tipo de soporte |
volumen |
| Código del tipo de soporte |
nc |
| Fuente |
rdacarrier |
| 490 0# - MENCIÓN DE SERIE |
| Mención de serie |
Colección teatro dominicano |
| 500 ## - NOTA GENERAL |
| Nota general |
Incluye datos biográficos de la autora en la página 775 |
| 504 ## - NOTA DE BIBLIOGRAFÍA, ETC. |
| Nota de bibliografía, etc. |
Bibliografía: páginas 755-773 |
| 505 2# - NOTA DE CONTENIDO CON FORMATO |
| Nota de contenido con formato |
Presentación / |
| Mención de responsabilidad |
Felucho Jiménez -- |
| Título |
Salutación a una antología / |
| Mención de responsabilidad |
Bruno Rosario Candelier -- |
| Título |
Estudio priliminares / -- |
| Mención de responsabilidad |
Bienvenida Polanco Díaz -- |
| Información miscelánea |
Siglo XVI: |
| Título |
Del renacimiento al Barroco/ |
| Mención de responsabilidad |
Cristóbal de Llerena y Rueda -- |
| Información miscelánea |
Siglo XXI : |
| Título |
La dramaturgía premiada. De nuevo los Clásicos de las Vanguardia -- |
| 590 ## - NOTA LOCAL (RLIN) |
| Nota local |
Inventariado, 2018/VM |
| 650 #4 - PUNTO DE ACCESO ADICIONAL DE MATERIA--TÉRMINO DE MATERIA |
| Subdivisión general |
Teatro dominicano |
| 9 (RLIN) |
8497 |
| 650 #4 - PUNTO DE ACCESO ADICIONAL DE MATERIA--TÉRMINO DE MATERIA |
| Término de materia o nombre geográfico como elemento de entrada |
Teatro dominicano |
| Subdivisión general |
Historia y crítica |
| 9 (RLIN) |
31569 |
| 650 #4 - PUNTO DE ACCESO ADICIONAL DE MATERIA--TÉRMINO DE MATERIA |
| Término de materia o nombre geográfico como elemento de entrada |
Literatura dominicana |
| 700 1# - PUNTO DE ACCESO ADICIONAL--NOMBRE DE PERSONA |
| Nombre de persona |
Polanco Díaz, Bienvenida, |
| Término indicativo de función/relación |
edición |
| 9 (RLIN) |
75432 |
| Código de función/relación |
ed. |
| 710 2# - PUNTO DE ACCESO ADICIONAL--NOMBRE DE ENTIDAD CORPORATIVA |
| Nombre de entidad corporativa o nombre de jurisdicción como elemento de entrada |
Refineria Dominicana de Petróleo (República Dominicana) |
| 9 (RLIN) |
75431 |
| 910 ## - DATOS DE OPCIÓN DEL USUARIO (OCLC) |
| Datos de opción del usuario |
Validado. Control de calidad MFF |
| 942 ## - ELEMENTOS DE PUNTO DE ACCESO ADICIONAL (KOHA) |
| Fuente del sistema de clasificación o colocación |
Dewey Decimal Classification |
| Tipo de ítem Koha |
Libro |